The history of biological theories /

Bibliographic Details
Main Author: Rádl, Emanuel, 1873-1942
Other Authors: Hatfield, E. J. (Edith Jessie)
Format: Book
Language:English
German
Published: London : H. Milford, Oxford university press, 1930.
Subjects:

MARC

Tag First Indicator Second Indicator Subfields
LEADER 00000cam a2200000 4500
001 in00000046011
005 20151007065256.0
008 740905s1930 enk 00000 eng u
010 |a  30028974  
035 |a (OCoLC)00998871 
035 |9 AAE1662AM 
040 |c CPL  |d TXA  |d UtOrBLW 
041 1 |a eng  |a ger 
049 |a TXAM  |c [130577] 
050 0 0 |a QH305  |b .R3 
082 0 |a 570.9 
092 |a 570.9  |b R129h 
100 1 |a Rádl, Emanuel,  |d 1873-1942. 
245 1 4 |a The history of biological theories /  |c by Emanuel Radl; translated and adapted from the German by E. J. Hatfield. 
264 1 |a London :  |b H. Milford, Oxford university press,  |c 1930. 
300 |a xii, 408 pages ;  |c 23 cm. 
336 |a text  |b txt  |2 rdacontent 
337 |a unmediated  |b n  |2 rdamedia 
338 |a volume  |b nc  |2 rdacarrier 
650 0 |a Biology  |x History. 
700 1 |a Hatfield, E. J.  |q (Edith Jessie) 
999 |a MARS 
999 f f |s 3bfaded9-5ab1-39e0-b556-161718a5ee89  |i 8637ba5a-3644-3592-85cd-9738ed91e2b6  |t 0 
952 f f |p ric  |a Texas A&M University  |b Rellis Campus  |c Joint Library Facility  |d Remote Storage  |t 0  |e QH305 .R3  |h Library of Congress classification  |i unmediated -- volume  |m A14800966627 
998 f f |a QH305 .R3  |t 0  |l Remote Storage